000 00654nam a2200205Ia 4500
003 GCL
008 140319s9999 xx 000 0 ara d
040 _aGCL /
_cGCL
082 0 4 _a413.1
_bا ك
100 1 _aابى البقاء ايوب بن موسى
245 1 0 _aالكليات : معجم فى المصطلحات والفروق اللغوية /
_cابى البقاء ايوب بن موسى
700 1 _aعدنان درويش
300 _a1226 ص
490 _a
650 0 4 _aالنحو
650 0 4 _aالالفاظ
650 0 4 _aاللغة العربية - المعاجم
650 0 4 _aاللغة العربية - علم
942 _2ddc
_cBK
999 _c39189
_d39189